1993 Yılı yatırım programı (Record no. 5518)

MARC details
000 -BAŞLIK
Sabit Uzunlukta Kontrol Alanı 00810na a2200241 4500
001 - KONTROL NUMARASI
Denetim Alanı 18539
003 - KONTROL NUMARASI IDENTIFIER
Denetim Alanı MIRAKIL
005 - SON İŞLEM TARİHİ VE ZAMANI
Denetim Alanı 20181213155039.0
008 - SABİT-BOY VERİ ELEMANLARI - GENEL BİLGİLER
Sabit Uzunlukta Kontrol Alanı 161121b tu 000 0
040 ## - KATALOGLAMA KAYNAK
Orijinal Kataloglama Ajansı Milas
Kataloglama Dili tur
Metne Dönüştürmek Ajansı TR-AnCHP
041 ## - DİL KODU
Metin / Ses Parça Veya Ayrı Başlığın Dil Kodu tur
082 ## - DEWEY ONLU SINIFLANDIRMA NUMARASI
Sınıflandırma Numarası 338.90293326
Ürün Numarası B37b 1993
090 ## - SINIFLAMA NUMARASI
Sınıflama Numarası 338.90293326 B37b 1993
111 ## - ANA GİRİŞ - TOPLANTI ADI
Giriş Elemanı Olarak Toplantı Adı Veya Yargı Alanı Adı Beş Yıllık Kalkınma Planı
Toplantı Veya Antlaşma İmzalandığı Tarihi 1990-1994
Bölüm / Bölüm / Toplantı Sayısı 6.
245 ## - BAŞLIK TABLOSU
Başlık 1993 Yılı yatırım programı
Sorumluluk Tablosu, Vb Devlet Planlama Teşkilatı (DPT)
260 ## - YAYIN, DAĞITIM, VB
Yayın, Dağıtım, Vb Yeri Ankara
Yayıncı, Dağıtıcı, Vs Adı [DPT]
Yayın, Dağıtım, Vb Tarihi 1993
300 ## - FİZİKSEL TANIM
Kapsam 302 s.
Diğer Fiziksel Ayrıntıları tbl.;
Boyutlar 23 sm.
610 ## - KONU KATMA GİRİŞ - TOPLANTI ADI
Giriş Elemanı Olarak Kurumsal Ad Veya Yargı Alanı Adı Devlet Planlama Teşkilatı (DPT)
Genel Alt Bölüm Kalkınma planları
650 ## - KONU KATMA GİRİŞ - TOPİKAL DÖNEM
Topikal Süreli Veya Coğrafi Ad Giriş Elemanı Kalkınma planı
Aktif Tarihleri 1990-1994
Genel Alt Bölümü yatırım programları, 1993
651 ## - KONU KATMA GİRİŞ - COĞRAFİ ADI
Coğrafi İsim Türkiye
Genel Alt Bölümü Beş yıllık kalkınma planları
710 ## - KATMA GİRİŞ - KURUMSAL ADI
Giriş Elemanı Olarak Kurumsal Ad Veya Yargı Alanı Adı Devlet Planlama Teşkilatı (DPT)
942 ## - EKLENDİ GİRİŞ ELEMANLARI (KOHA)
Sınıflandırma Veya Raf Düzeni Kaynak Dewey Decimal Classification
Koha Öğesi Türü Books
999 ## - SİSTEM KONTROL NUMARALARI (KOHA)
Koha Biblionumber 5518
Koha Biblioitemnumber 5518
Holdings
Kalıcı Konum Mevcut Konum Edinme Tarihi Edinim Kaynak Toplam Check-Out'Lar Tam Çağrı Numarası Barkod Tarih Son Görülme İtibaren Geçerli Fiyatlar Koha Öğesi Türü
CHP Kütüphanesi CHP Kütüphanesi 11/21/2016 Bağış   338.90293326 B37b 1993 009910 11/21/2016 11/21/2016 Books